Statistics for Every Liverpool Manager

Click here to take the quiz!

General Stats

  • This quiz has been taken 31 times
  • The average score is 10 of 22

Answer Stats

YearsManager% Correct
2015-PresentJurgen Klopp
100%
2011-2012Kenny Dalglish
100%
1985-1991Kenny Dalglish
100%
2004-2010Rafael Benitez
96%
2012-2015Brendan Rodgers
89%
1998-2004Gerard Houllier
85%
1959-1974Bill Shankly
81%
1998Roy Evans & Gerard Houllier
81%
1974-1983Bob Paisley
70%
2010-2011Roy Hodgson
67%
1994-1998Roy Evans
63%
1991-1994Graeme Souness
56%
1983-1985Joe Fagan
41%
1991Ronnie Moran
7%
1956-1959Phil Taylor
4%
1896-1915Tom Watson
4%
1919-1923David Ashworth
0%
1951-1956Don Welsh
0%
1936-1951George Kay
0%
1928-1936George Patterson
0%
1923-1928Matt McQueen
0%
1892-1896William Edward Barclay & John McKenna
0%

Score Distribution

Percentile by Number Answered

Percent of People with Each Score

Your Score History

You have not taken this quiz